Les plus gros transferts du football - Nés en 1986 - Statistiques

Statistiques générales
  • Ce quiz a été pris 59 fois
  • Le résultat moyen est 7 sur 10
Statistiques - réponses
Montant de transfert (M €) Saison Nationalité Venant de Allant à Joueur % Correct
43,00 2013-2014 Colombie Atlético Madrid AS Monaco Radamel Falcao
100%
40,00 2011-2012 Colombie FC Porto Atlético Madrid Radamel Falcao
100%
56,00 2016-2017 Brésil Zenit S-Pb Shanghai SIPG Hulk
95%
40,00 2012-2013 Brésil FC Porto Zenit S-Pb Hulk
95%
37,00 2010-2011 Bosnie-Herzégovine VfL Wolfsburg Manchester City Edin Dzeko
86%
28,75 2010-2011 Espagne FC Valencia Manchester City David Silva
63%
30,00 2011-2012 Allemagne FC SChalke 04 Bayern Munich Manuel Neuer
61%
42,00 2015-2016 Colombie Atlético Madrid Guangzhou Evergrande Jackson Martínez
54%
35,00 2015-2016 Colombie FC Porto Atlético Madrid Jackson Martínez
54%
33,30 2015-2016 Colombie FC Sevilla AC Milan Carlos Bacca
38%
Aucun quiz correspondant
Distribution des résultats
% des personnes avec chaque résultat
Percentile par nombre de réponses
Votre historique - résultats
Vous n’avez pas pris ce quiz